000 00393nam a2200133Ia 4500
008 151001s9999||||xx |||||||||||||| ||und||
100 _aसानेगुरुजी
245 _aभारतीय संस्कृती
250 _a1
260 _bकॉन्टिनेन्टल प्रका. पुणे
260 _c1937
300 _a250
365 _b21
999 _c997468
_d997465